Ella Mai Charting Songs (Billboard Hot Rap / R&B) - Statistics

General Stats
  • This quiz has been taken 3 times
    2 since last reset
  • The average score is 4 of 6
Answer Stats
Album Weeks On Peak Artist(s) Song % Correct
Ready and Ella Mai 26 Weeks #4 Ella Mai Boo'd Up
100%
Ella Mai 26 Weeks #6 Ella Mai Trip
100%
Championships 20 Weeks #25 Meek Mill ft. Ella Mai 24/7
50%
Heart on My Sleeve 15 Weeks #22 Ella Mai DFMU
50%
Heart on My Sleeve 10 Weeks #37 Ella Mai Not Another Love Song
50%
Ella Mai 17 Weeks #27 Ella Mai Shot Clock
0%
No matching quizzes found
Score Distribution
Percent of People with Each Score
Percentile by Number Answered
Your Score History
You have not taken this quiz since the last reset